000 00363nam a2200133Ia 4500
008 151001s9999||||xx |||||||||||||| ||und||
100 _aनारायण भोसले
245 _aचरित्र आत्मचरित्र
250 _a1
260 _bअथर्व प्रकाशन
260 _c2012
300 _a262
365 _b21
999 _c1000246
_d1000243